000 00689nam a2200205Ii 4500
003 JO-AjNU
008 230606s9999||||xx |||||||||||||| ||und||
020 _a978-0-691-12563-3(hardcover) , 0-691-12563-5(hardcover)
040 _aJO-AjNU
_beng
_erda
_cJO-AjNU
041 _aeng
050 1 4 _aPR3001.Z36 2007
100 3 _aZamir, Tzachi,
_eauthor
_91607
245 0 0 _aDOUBLE VISION: Moral Philosophy and Shakespearean Drama
264 3 1 _aUSA: Princeton University Press, 2007
300 _a234P
336 _atext
_btxt
_2rdacontent
337 _aunmediated
_bn
_2rdamedia
338 _avolume
_bnc
_2rdacarrier
650 4 _aShakespeare, William - Philosophy - History and Criticism
_91608
999 _aE843
_c843
_d843